• 首页
  • 本馆介绍
  • 公告通知
  • 最新文献
  • 馆藏检索
  • 电子资源
  • 读者导购
  • 参考咨询
  • 我的图书馆
  • 登录
  • 详细信息显示
  • 放入我的书架
  • 预约/预借图书
  • 作者相关作品
  • 分类相关作品
  • 丛书相关作品
  • 出版社相关作品

书目信息

  • 表格格式
  • 工作单格式
  • 卡片格式
书名: Background to the USA
作者: Richard Musman
分册号:
分册名:
出版地: London :
 
出版社: Macmillan Pub
出版时间: 1982.
页数: 146 p. :
开本: 22 cm.
丛书名:
中图分类号:
科图分类号:
其他分类号: H319.4
主题词:
电子资源:
000 00614nam 2200205 a 4500
001 E0754933515
005 20070228152146.76
008 uu
040    @aNLC
049    @aN5LA
090    @a2-92/K971.2/M98/////////////1105320
090    @aH319.4
096    @aK971.2 @v3
099    @dH319.4@ex23
100 1  @aMusman, Richard.
245 10 @aBackground to the USA / @cRichard Musman
260    @aLondon :@bMacmillan Pub.,@c1982.
300    @a146 p. :@bill. (some col.), map ;@c22 cm.
500    @aRep. 1988. @b00 @c20020930 @lNLC09 @h2246 @lNLC09 @h2254 @lNLC09 @h1846
852 9  @bWWJC @cJ08N @k2-92 @hK971.2 @iM98
    
    Background to the USA / / Richard Musman.-London : : Macmillan Pub., , 1982.
    146 p. : : ill. (some col.), map ; ; 22 cm.
    Rep. 1988.
    
    ISBN
    
●
相关链接 在E读中查询图书 在五车中查询图书 在当当中查询图书 在豆瓣中查询图书


正题名:Background to the USA     索取号:H319.4/x23         预约/预借

序号 登录号 条形码 馆藏地/架位号 状态 备注
1 135654   001183542   第四借阅区/ [索取号:H319.4/x23] 在馆    
2 135655   001183579   第四借阅区/ [索取号:H319.4/x23] 在馆    
3 135656   001183551   密集书库/ [索取号:H319.4/x23] 在馆    
4 135657   001183490   密集书库/ [索取号:H319.4/x23] 在馆    
5 135658   001183613   第四借阅区/ [索取号:H319.4/x23] 在馆    
6 135660   001183560   第四借阅区/ [索取号:H319.4/x23] 在馆    
7 182161   001183506   第二样本阅览室/ [索取号:H319.4/x23] 在馆    
8 182162   001183533   第四借阅区/ [索取号:H319.4/x23] 在馆    
唐山师范学院图书馆 欢迎您!
大连网信软件有限公司© 版权所有